000 00444nam a2200133Ia 4500
003 GCL
008 140319s9999 xx 000 0 ara d
040 _aGCL /
_cGCL
082 0 4 _a811.72
_bع ش
100 1 _aعبدالخالق محمود
245 1 0 _aشعرابن الفارض فى ضوء النقد الادبى الحديث /
_cعبدالخالق محمود
300 _a159 ص
490 _aالهيئة العامة للاستعلامات
_v0
999 _c47555
_d47555